| 000 | 00000nam##2200000za#4500 |
| 001 | 9.605519 |
| 003 | CaOODSP |
| 005 | 20220623130826 |
| 007 | cr ||||||||||| |
| 008 | 150406|2011||||xxc|||||o f|0| 0 fre|d |
| 040 | |aCaOODSP|bfre |
| 043 | |an-cn--- |
| 086 | 1 |aH117-5/19-2011F-PDF |
| 110 | 1 |aCanada. |bInstitut canadien d'information sur la santé. |
| 245 | 13|aLe moment propice : |h[ressource électronique]|bpourquoi l'âge de la mère est déterminant |
| 260 | |aOttawa - Ontario : |bInstitut canadien d'information sur la santé |cSeptembre 2011. |
| 300 | |a25p.|bfigures, glossaire, références, tableaux |
| 490 | 1 |aAnalyse en bref |
| 590 | |a13-10-Supp|b2013-04-13 |
| 775 | 08|tIn due time : |w(CaOODSP)9.576247 |
| 830 | #0|aAnalyse en bref (Statistique Canada)|w(CaOODSP)9.503377 |
| 856 | 40|ahttp://publications.gc.ca|qPDF|s550 Ko|uhttps://publications.gc.ca/collections/collection_2013/icis-cihi/H117-5-19-2011-fra.pdf |